Radicalismo /

Guardado en:
Autor Corporativo: UBA.
Formato: Deslizar
Series:Sociedad y Estado
Materias:
Etiquetas: Agregar Etiqueta
Sin Etiquetas, Sea el primero en etiquetar este registro!
LEADER 01018ngm a22002775g 4500
001 CEM.cems022497
008 130507b2000##################0###0#####d
005 20241105142630.0
245 1 0 |a Radicalismo /  |c UBA. 
300 |a 49'. 
490 0 |a Sociedad y Estado 
500 |a En soporte VHS, consultar en ventanilla. 
505 0 |a La Unión Cívica contra Juarez Celman. La UCR. Irigoyen y la corriente reformista. La incorporación de las clases populares. La reforma universitaria. Nacionalización del petróleo. Crisis del 30'. Caída de Irigoyen. 
538 |a Soporte: VHS - Norma: Pal N - Color: Si - Grabación DRD 2000 - Hitachi=2225 
110 2 |a UBA. 
082 9 8 |/ UBA-2 
653 |a HISTORIA ARGENTINA 
653 |a RADICALISMO 
653 |a ESTADO 
653 |a POLITICA 
653 |a IRIGOYEN 
653 |a REFORMA UNIVERSITARIA 
653 |a CRISIS DEL 30' 
653 |a NIVEL PRIMARIO 
653 |a NIVEL SECUNDARIO 
859 |a CEMS  |b BIB. CEMS - Depto. Recursos Didacticos  |h 982  |i UBA-2  |k DRD  |p 1140.12  |t Ej.1